000 00673nam a2200277Ia 4500
005 20260324114111.0
008 008 260324s9999 xx 000 0 eng d
020 _a9781003094012
037 _aEBOOK
040 _aCRL
040 _beng
040 _cCRL
041 _2eng
041 _aeng
084 _qCRL
100 _aTetsuzo Yoshimura
_91149433
245 0 _aMolecular Layer Deposition for Tailored Organic Thin-Film Materials
260 _bTaylor and Francis
260 _c2023
365 _a
365 _b320
856 _uhttp://www.taylorfrancis.com/books/9781003094012
942 _cEBOOK
999 _c1739431
_d1739431